Statistiques concernant Consoles qui battent la Game Boy

Cliquez ici pour prendre le quiz!

Statistiques générales

  • Ce quiz a été pris 417 fois
  • Le résultat moyen est 5 sur 20

Statistiques - réponses

RangCatégoriePays% Correct
3La plus venduePlaystation 2 | Nintendo DS
95%
2Fabriquée par Nintendo la plus ancienneNES
82%
3Avec le jeu le plus vendu (sur une seule plateforme)Wii | NES
46%
3La plus devinée au quiz Consoles NintendoWii | Nintendo Switch
44%
6Première console avec une croix directionnelleNES | Atari 7800 | Master System | PC-Engine | Mega Drive
35%
3La plus vendue de tous les temps en 1990NES | Atari 2600
33%
3Dernière console avec plus de 25 000 000 de ventes au JaponNintendo DS | Nintendo 3DS
28%
3Première console à dépasser les 10 000 000 de ventesAtari 2600 | NES
27%
4Avec le jeu Donkey Kong le plus venduSuper NES | Nintendo 64 | Wii
27%
2Fabriqué par Nintendo avec le moins de jeux développés par Nintendo dans les 15 plus vendusGame Cube
26%
3Le plus d'accessoires officielsNES | Game Cube
21%
3Dernière console Nintendo sans jeu SonicVirtual Boy | Nintendo 64
17%
3De quatrième génération avec l'arrêt de production le plus tardifNeo Geo | Super NES
9%
2Le plus de jeux AstérixNintendo DS
9%
3Portable avec le moins de boutonsGame Gear | Neo Geo Pocket
8%
3Dernière console de Gunpei YokoiWonderswan | Virtual Boy
6%
3Version la moins complète de Mortal Kombat 1Game Gear | Master System
5%
4La plus grande autonomiePokémon Mini | Wonderswan | Neo Geo Pocket
5%
4Portable la plus ancienneMicrovision | Select-a-Game | Game Pocket Computer
3%
3Dernière console monochrome vendue à plus de 2 000 000 d'exemplairesWonderswan | Neo Geo Pocket
3%

Distribution des résultats

Percentile par nombre de réponses

% des personnes avec chaque résultat

Votre développement - résultats

Vous n’avez pas pris ce quiz